[Event "22nd Stuttgart Open 2017"]
[Site "Ditzingen GER"]
[Date "2017.05.27"]
[Round "6"]
[White "Pap,M"]
[Black "Pogan,N"]
[Result "1-0"]
[WhiteElo "2480"]
[BlackElo "2301"]

1.e4 c6 2.d4 d5 3.Nd2 dxe4 4.Nxe4 Bf5 5.Ng3 Bg6 6.h4 h6 7.Nf3 e6 8.Ne5 Bh7
9.Bd3 Bxd3 10.Qxd3 Nd7 11.Bf4 Ngf6 12.O-O-O Be7 13.Kb1 O-O 14.Ne4 Nxe4 15.Qxe4
Nf6 16.Qe2 Qd5 17.f3 Nh5 18.Bh2 Bxh4 19.c4 Qd8 20.f4 g6 21.g4 Ng7 22.Bg1 h5
23.Be3 hxg4 24.Qxg4 Nf5 25.Bc1 Kg7 26.d5 exd5 27.cxd5 Qe7 28.d6 Qd8 29.Qf3 Rb8
30.Bd2 Rh8 31.Bc3 f6 32.Ng4 Kf7 33.d7 b5 34.Rxh4 Nxh4 35.Qxc6 Qb6 36.Qxf6+
Qxf6 37.Bxf6 {#r} 1-0

[Event "22nd Stuttgart Open 2017"]
[Site "Ditzingen GER"]
[Date "2017.05.27"]
[Round "6"]
[White "Ikonnikov,Vy"]
[Black "Zuferi,E"]
[Result "1-0"]
[WhiteElo "2552"]
[BlackElo "2228"]

1.Nf3 Nf6 2.c4 c5 3.d4 cxd4 4.Nxd4 g6 5.Nc3 d5 6.cxd5 Nxd5 7.Ndb5 Nxc3 8.Qxd8+
Kxd8 9.Nxc3 Bg7 10.Bf4 Bd7 11.O-O-O Nc6 12.g3 Rc8 13.Bh3 f5 14.e4 Ke8 15.Rhe1
Be6 16.exf5 Bxf5 17.g4 Bd7 18.Rxd7 Kxd7 19.g5+ Kd8 20.Rd1+ Nd4 21.Be3 e5
22.Bxc8 Kxc8 23.h4 Rd8 24.h5 a6 25.Ne4 Ne2+ 26.Kc2 gxh5 27.Nd6+ Kc7 28.Nf5 Rg8
29.Kd3 Nf4+ 30.Ke4 Bh8 31.Rd6 Rf8 32.Bb6+ Kc8 33.Rh6 Kd7 34.Rxh7+ Kc6 35.Be3
Re8 36.b3 Ne2 37.Rh6+ Kc7 38.Bd2 Nd4 39.Rh7+ Kb6 40.Ne7 Kc5 41.Ng6 {#r} 1-0

[Event "22nd Stuttgart Open 2017"]
[Site "Ditzingen GER"]
[Date "2017.05.27"]
[Round "6"]
[White "Krassowizkij,J"]
[Black "Kabisch,T"]
[Result "1-0"]
[WhiteElo "2452"]
[BlackElo "2262"]

1.d4 Nf6 2.c4 g6 3.g3 Bg7 4.Bg2 O-O 5.Nc3 d6 6.Nf3 Nbd7 7.O-O e5 8.e4 c6 9.h3
Re8 10.Re1 a6 11.d5 cxd5 12.cxd5 b5 13.Nd2 Nc5 14.Bf1 Qc7 15.b4 Nd3 16.Nxb5
axb5 17.Bxd3 Qc3 18.Nb3 Qxb4 19.Bd2 Qa4 20.Qe2 Bd7 21.Reb1 Reb8 22.a3 Bxh3
23.Bb4 Ng4 24.Na5 Rc8 25.Bxb5 Qc2 26.Nc6 Qxe2 27.Bxe2 Bf8 28.f3 Nf6 29.a4 Bd7
30.Bb5 Nh5 31.Be1 Re8 32.a5 f5 33.a6 Bh6 34.Bf2 fxe4 35.fxe4 Bg4 36.a7 Nf6
37.Na5 Rf8 38.Bc6 Rac8 39.Nc4 Nxe4 40.Be3 Nc3 41.Re1 Bxe3+ 42.Rxe3 Ne2+ 43.Kg2
Nd4 44.a8=Q Nxc6 45.Qxc6 Rxc6 46.dxc6 Rc8 47.Ra6 Be6 48.Nxd6 Bd5+ 49.Kg1 {#r}
1-0

[Event "22nd Stuttgart Open 2017"]
[Site "Ditzingen GER"]
[Date "2017.05.27"]
[Round "6"]
[White "Levin,F"]
[Black "Haag,U"]
[Result "1-0"]
[WhiteElo "2501"]
[BlackElo "2142"]

1.d4 e6 2.Nf3 b6 3.e4 Bb7 4.Bd3 c5 5.c3 Nf6 6.Qe2 Nc6 7.d5 Nb8 8.O-O Qc7 9.c4
e5 10.Nc3 d6 11.Nh4 Nbd7 12.f4 h6 13.g3 O-O-O 14.Nb5 Qb8 15.a3 a6 16.Nc3 Re8
17.f5 Be7 18.b4 Qa7 19.Be3 Kc7 20.Rfb1 Rb8 21.a4 Ba8 22.a5 Kc8 23.b5 bxa5
24.Rxa5 Bb7 25.bxa6 Bxa6 26.Rba1 Rb6 27.Na4 Rb4 28.Nxc5 Nxc5 29.Bxc5 dxc5
30.Rxa6 Qc7 31.Rc6 {#r} 1-0

[Event "22nd Stuttgart Open 2017"]
[Site "Ditzingen GER"]
[Date "2017.05.27"]
[Round "6"]
[White "Maisch,J"]
[Black "Leutwyler,M"]
[Result "1-0"]
[WhiteElo "2119"]
[BlackElo "2183"]

1.e4 c6 2.Nc3 d5 3.Nf3 Nf6 4.e5 Ne4 5.Ne2 Qb6 6.d4 e6 7.Nfg1 f6 8.f3 Ng5
9.exf6 gxf6 10.f4 Nf7 11.c3 Bg7 12.Nf3 O-O 13.Ng3 e5 14.Be2 Bg4 15.O-O Nd7
16.Nh4 Bxe2 17.Qxe2 Nd6 18.Qg4 Rf7 19.Ngf5 Nxf5 20.Nxf5 Kh8 21.Qh5 Kg8 22.fxe5
Nxe5 23.Bh6 Ng6 24.Bxg7 Rxg7 25.Nxg7 Kxg7 26.Rf2 Re8 27.Raf1 Rf8 28.h4 c5
29.Qg4 h5 30.Qxh5 cxd4 31.Qg4 dxc3 32.h5 cxb2 33.Qxg6+ Kh8 34.h6 {#r} 1-0

[Event "22nd Stuttgart Open 2017"]
[Site "Ditzingen GER"]
[Date "2017.05.28"]
[Round "7"]
[White "Schroeder,Ja"]
[Black "Ikonnikov,Vy"]
[Result "1-0"]
[WhiteElo "2516"]
[BlackElo "2552"]

1.e4 c5 2.Nf3 Nc6 3.d4 cxd4 4.Nxd4 e5 5.Nb5 d6 6.N1c3 a6 7.Na3 Be7 8.Be3 b5
9.Nd5 Rb8 10.c4 b4 11.Nc2 Nf6 12.Qd3 O-O 13.Be2 Nxd5 14.cxd5 Na5 15.a3 b3
16.Nb4 Bg5 17.O-O Bd7 18.Qd2 Bxe3 19.Qxe3 Bb5 20.Nxa6 Bxe2 21.Qxe2 Rc8 22.Nb4
Qg5 23.Qd3 h5 24.a4 h4 25.h3 g6 26.Nc6 Nxc6 27.dxc6 Rxc6 28.a5 Ra8 29.Qxb3 Qd8
30.Qa4 Rca6 31.b4 d5 32.exd5 Qxd5 33.Rad1 Qc4 34.Rc1 Qf4 35.Qb5 e4 36.Rc4 Re6
37.Qb7 Rb8 38.Rc8+ Rxc8 39.Qxc8+ Kh7 40.Qc3 Qg5 41.Qd4 Re7 42.a6 f5 43.Qc5 e3
44.fxe3 Rxe3 45.Qa7+ Re7 46.Qf2 Re3 47.a7 Ra3 48.b5 Qe7 49.b6 Qb4 50.Rd1 {#r}
1-0

[Event "22nd Stuttgart Open 2017"]
[Site "Ditzingen GER"]
[Date "2017.05.28"]
[Round "7"]
[White "Krassowizkij,J"]
[Black "Swicarz,M"]
[Result "0-1"]
[WhiteElo "2452"]
[BlackElo "2306"]

1.c4 e5 2.Nc3 Nf6 3.g3 Bb4 4.Bg2 O-O 5.Nf3 Re8 6.O-O c6 7.Qb3 a5 8.d4 d6 9.a3
Bxc3 10.bxc3 exd4 11.cxd4 b6 12.e3 d5 13.cxd5 cxd5 14.Bd2 Bf5 15.Nh4 Be6
16.Qd3 Nc6 17.Rfc1 Ne7 18.Be1 Nc8 19.f3 Qd7 20.e4 g5 21.Nf5 Bxf5 22.exf5 Nd6
23.Bd2 h6 24.h4 Qxf5 25.Qxf5 Nxf5 26.hxg5 hxg5 27.Rc6 Re6 28.Rxe6 fxe6 29.Bxg5
Kf7 30.Kf2 Nxd4 31.Rc1 a4 32.g4 e5 33.Bf1 Rb8 34.Rc7+ Ke6 35.Ra7 Rc8 36.Rxa4
Rc2+ 37.Kg3 Rc3 38.Rb4 Ne4+ {#R} 0-1

[Event "22nd Stuttgart Open 2017"]
[Site "Ditzingen GER"]
[Date "2017.05.28"]
[Round "7"]
[White "Kowalczyk,P"]
[Black "Petermann,M"]
[Result "0-1"]
[WhiteElo "2347"]
[BlackElo "2161"]

1.d4 f5 2.g3 Nf6 3.Bg2 g6 4.Nf3 Bg7 5.O-O O-O 6.c4 d6 7.Nc3 c6 8.Bf4 Nh5 9.Qb3
Nxf4 10.gxf4 Qb6 11.Qc2 Na6 12.a3 Be6 13.Na4 Qd8 14.Ng5 Bf7 15.d5 Qd7 16.Rad1
cxd5 17.cxd5 Rac8 18.Nc3 Nc5 19.Qd2 Kh8 20.e4 h6 21.Nxf7+ Rxf7 22.Bh3 Na4
23.Rc1 Nxc3 24.bxc3 Qa4 25.Rfe1 Rc4 26.exf5 gxf5 27.Qe3 Re4 28.Qg3 Rxf4 29.Rb1
Be5 30.Qe3 Rg7+ 31.Kh1 Qe4+ 32.Qxe4 fxe4 33.Rg1 Rxf2 34.Rxg7 Rxh2+ 35.Kg1 Kxg7
36.Bg2 e3 37.Re1 Bxc3 38.Rxe3 Bd4 39.Kxh2 Bxe3 {#R} 0-1

[Event "22nd Stuttgart Open 2017"]
[Site "Ditzingen GER"]
[Date "2017.05.28"]
[Round "7"]
[White "Pogan,N"]
[Black "Hoeglauer,Patrick"]
[Result "0-1"]
[WhiteElo "2301"]
[BlackElo "2246"]

1.Nf3 Nf6 2.c4 c6 3.d4 d5 4.Nc3 a6 5.c5 Nbd7 6.Bf4 Nh5 7.Bd2 Nhf6 8.Bf4 Nh5
9.Bd2 Nhf6 10.h3 g6 11.Bf4 Bg7 12.e3 O-O 13.Bd3 Ne8 14.O-O Nc7 15.Bh2 Re8
16.b4 e5 17.Nxe5 Nxe5 18.Bxe5 Bxe5 19.dxe5 Rxe5 20.e4 dxe4 21.Bxe4 Qf6 22.Qf3
Qxf3 23.Bxf3 Nb5 24.Ne2 a5 25.a3 Be6 26.Rfc1 Bd5 27.Bxd5 Rxd5 28.Rd1 Rxd1+
29.Rxd1 Nxa3 30.Rd7 axb4 31.Rxb7 Nb5 32.Rd7 b3 33.Rd2 Ra2 {#R} 0-1

[Event "70th ch-ARG w 2017"]
[Site "Buenos Aires ARG"]
[Date "2017.06.13"]
[Round "2.1"]
[White "Flores,N"]
[Black "Lujan,C"]
[Result "0-1"]
[WhiteElo "2056"]
[BlackElo "2392"]

1.c4 Nf6 2.Nc3 d5 3.cxd5 Nxd5 4.e4 Nxc3 5.dxc3 Qxd1+ 6.Kxd1 e5 7.Be3 Bg4+
8.Kc2 Nd7 9.Ne2 Bc5 10.Bxc5 Nxc5 11.f3 Be6 12.b4 Nd7 13.f4 exf4 14.Nxf4 Ne5
15.Nxe6 fxe6 16.Be2 Ke7 17.a4 a5 18.b5 b6 19.h3 Rad8 20.Rhd1 Rxd1 21.Rxd1 Rf8
22.Rd2 Rf4 23.Rd4 Rf2 24.Kd2 Rxg2 25.Ke3 g5 26.Rd1 Rg3+ 27.Kd4 Kd6 28.h4 gxh4
29.Rh1 h3 30.Bf1 Nf3+ 31.Ke3 Nh2+ 32.Kd4 Nxf1 33.Rxf1 h2 34.e5+ Ke7 35.Rh1 Rh3
36.Ke4 Kf7 37.Kf4 Kg6 38.Kg4 Rh5 39.Kf4 Rh4+ 40.Kg3 Kg5 {#R} 0-1

[Event "70th ch-ARG w 2017"]
[Site "Buenos Aires ARG"]
[Date "2017.06.13"]
[Round "2.3"]
[White "Nejanky,M"]
[Black "Martinez,Ay"]
[Result "0-1"]
[WhiteElo "2036"]
[BlackElo "2252"]

1.e4 c5 2.Nf3 d6 3.d4 cxd4 4.Nxd4 Nf6 5.Nc3 a6 6.h3 e6 7.g4 h6 8.Bg2 Nc6 9.O-O
Qc7 10.Re1 Be7 11.a4 O-O 12.Nxc6 bxc6 13.a5 Rb8 14.Qe2 Nd7 15.Nd1 Bf6 16.Ra2
Ne5 17.b3 Ng6 18.Nb2 Bd4 19.Nd3 c5 20.Ra4 Bd7 21.Ra3 c4 22.bxc4 Qxc4 23.Nf4
Qc5 24.Nd3 Qc7 25.g5 hxg5 26.Bxg5 Rb5 27.Bd2 Qxc2 28.h4 Nxh4 29.Bf1 Qxd2 {#R}
0-1

[Event "70th ch-ARG w 2017"]
[Site "Buenos Aires ARG"]
[Date "2017.06.14"]
[Round "3.1"]
[White "Lujan,C"]
[Black "Martinez,Ay"]
[Result "1-0"]
[WhiteElo "2392"]
[BlackElo "2252"]

1.e4 e5 2.Nf3 Nc6 3.Bc4 Nf6 4.d3 Be7 5.O-O O-O 6.Bb3 d6 7.c3 Na5 8.Bc2 c5
9.Re1 Qc7 10.Nbd2 Be6 11.Nf1 Nc6 12.Qe2 Rad8 13.h3 h6 14.Ne3 Rfe8 15.a4 a6
16.Nh4 Nxe4 17.dxe4 Bxh4 18.Nd5 Bxd5 19.exd5 Ne7 20.Qe4 Bg5 21.Qh7+ Kf8
22.Qh8+ Ng8 23.Bxg5 hxg5 24.Bh7 Ke7 25.Qxg7 Nf6 26.Qxg5 Rh8 27.f4 Rxh7 28.fxe5
dxe5 29.Rxe5+ Kf8 30.Qxf6 Rd6 31.Qf5 Rg6 32.Rae1 c4 33.Qf2 Qd7 34.Re8+ Kg7
35.Qd4+ Kh6 36.R1e4 f6 37.Rh4+ Kg7 38.Rxh7+ Kxh7 39.Qh4+ Rh6 40.Qe4+ f5
41.Re7+ Kg8 42.Qe5 {#r} 1-0

[Event "70th ch-ARG w 2017"]
[Site "Buenos Aires ARG"]
[Date "2017.06.14"]
[Round "3.4"]
[White "Maggiolo,E"]
[Black "Zuriel,M"]
[Result "0-1"]
[WhiteElo "2015"]
[BlackElo "2242"]

1.c4 e5 2.Nc3 d6 3.g3 g6 4.Bg2 Bg7 5.e3 f5 6.Nge2 Nf6 7.d4 e4 8.f3 exf3 9.Bxf3
O-O 10.O-O c6 11.b3 Re8 12.Qc2 Qe7 13.Nf4 Nbd7 14.Kh1 Ne4 15.Nxe4 fxe4 16.Bg2
Nf6 17.Ba3 Bd7 18.Rae1 Rf8 19.Qd2 Rad8 20.Qa5 Bf5 21.Bh3 Ng4 22.Bxg4 Bxg4
23.h3 Bf3+ 24.Kh2 g5 25.Ne2 b6 26.Qd2 Rf6 27.Ng1 g4 28.Ne2 Rh6 29.Nf4 Rf8
30.Rxf3 exf3 31.e4 Rxf4 32.Qxf4 Rxh3+ 33.Kg1 Bxd4+ 34.Re3 Bxe3+ 35.Qxe3 Qe5
{#R} 0-1

[Event "70th ch-ARG w 2017"]
[Site "Buenos Aires ARG"]
[Date "2017.06.15"]
[Round "4.3"]
[White "Amura,C"]
[Black "Brizzi,Milagros Tatiana"]
[Result "1-0"]
[WhiteElo "2264"]
[BlackElo "2041"]

1.d4 f5 2.g3 Nf6 3.Bg2 g6 4.Nh3 Bg7 5.c4 d6 6.d5 c6 7.Nc3 e5 8.dxe6 Bxe6 9.Qb3
Qc7 10.Bf4 Nbd7 11.Qa3 Ne5 12.b3 Nfg4 13.Rc1 h6 14.f3 Nf6 15.Nf2 O-O 16.O-O
Nh5 17.Bd2 g5 18.Rfd1 Rad8 19.Be1 a6 20.Nd5 Qd7 21.Nb6 Qe7 22.Bb4 c5 23.Ba5
Nc6 24.Nd5 Bxd5 25.Bxd8 Rxd8 26.cxd5 Nd4 27.e4 Ne2+ 28.Kf1 Nxc1 29.Qxc1 f4
30.g4 Nf6 31.Nd3 Nd7 32.h4 Bd4 33.hxg5 hxg5 34.Ke2 Nf6 35.Rh1 Nxd5 36.Qc4 Rf8
37.Qxd5+ Rf7 38.Rh5 Bf6 39.Nxf4 gxf4 40.g5 Qe5 41.gxf6 Qb2+ 42.Qd2 Qxf6 43.Bh3
Qg6 44.Bg4 Kf8 45.Qd5 {#r} 1-0

[Event "70th ch-ARG w 2017"]
[Site "Buenos Aires ARG"]
[Date "2017.06.15"]
[Round "4.5"]
[White "Nejanky,M"]
[Black "Meza,A"]
[Result "1-0"]
[WhiteElo "2036"]
[BlackElo "2103"]

1.e4 c5 2.Nf3 e6 3.Nc3 a6 4.d4 cxd4 5.Nxd4 b5 6.Bd3 Qb6 7.Nb3 Qc7 8.Be3 Bb7
9.O-O Nf6 10.a3 Be7 11.h3 O-O 12.Re1 d5 13.exd5 Nxd5 14.Nxd5 Bxd5 15.Rc1 Qb7
16.Na5 Qc7 17.c4 Qxa5 18.cxd5 Nd7 19.dxe6 Ne5 20.Bxh7+ Kxh7 21.Qh5+ Kg8
22.Qxe5 Bf6 23.exf7+ Rxf7 24.Qd5 Rd8 25.Qb3 b4 26.Rc5 Qb6 27.Rec1 Qd6 28.Rc7
Be7 29.axb4 Qxb4 30.Qe6 Rd6 31.Rc8+ Bf8 32.Rxf8+ {#r} 1-0

[Event "70th ch-ARG w 2017"]
[Site "Buenos Aires ARG"]
[Date "2017.06.16"]
[Round "5.2"]
[White "Lujan,C"]
[Black "Nejanky,M"]
[Result "1-0"]
[WhiteElo "2392"]
[BlackElo "2036"]

1.e4 c5 2.Ne2 Nc6 3.Nbc3 d6 4.g3 Bg4 5.Bg2 Nd4 6.h3 Bf3 7.O-O g6 8.Bxf3 Nxf3+
9.Kg2 Nd4 10.Nxd4 cxd4 11.Ne2 Qb6 12.d3 Bg7 13.f4 e6 14.g4 Ne7 15.Ng3 Qc6
16.Rf2 f5 17.Qf3 fxg4 18.hxg4 h5 19.g5 h4 20.Ne2 h3+ 21.Kh2 O-O-O 22.c3 d5
23.cxd4 dxe4 24.dxe4 Bxd4 25.Nxd4 Rxd4 26.Be3 Rxe4 27.Rc1 Rc4 28.Rxc4 Qxc4
29.Bxa7 Nc6 30.Bb6 Qb5 31.Be3 Qf5 32.Qd1 Qe4 33.Bc5 e5 34.Qd6 exf4 35.Bb6 Qe7
36.Qxg6 Rf8 37.Qh5 Kb8 38.g6 Qe5 39.Qxe5+ Nxe5 40.g7 Ng4+ 41.Kg1 Re8 42.Rxf4
Re1+ 43.Rf1 h2+ 44.Kg2 Re2+ 45.Kg3 {#r} 1-0

[Event "70th ch-ARG w 2017"]
[Site "Buenos Aires ARG"]
[Date "2017.06.17"]
[Round "6.1"]
[White "Lujan,C"]
[Black "Fernandez,Maria"]
[Result "0-1"]
[WhiteElo "2392"]
[BlackElo "2207"]

1.e4 d6 2.d4 g6 3.Nc3 Bg7 4.f4 Nf6 5.Nf3 O-O 6.Bd3 Nc6 7.O-O e5 8.d5 Ne7 9.Qe1
c6 10.Qh4 cxd5 11.Ng5 h6 12.fxe5 Qb6+ 13.Kh1 dxe5 14.Nh3 dxe4 15.Nxe4 Nxe4
16.Bxe4 Nf5 17.Bxf5 gxf5 18.Nf2 Qg6 19.Nd3 Be6 20.Bd2 Rac8 21.Bc3 Rc4 22.Qf2
f6 23.Qxa7 Bd5 24.Qf2 Rg4 25.Ne1 h5 26.h3 Rg3 27.Qxf5 Rxg2 28.Qxg6 Rxg6+
29.Kh2 Bh6 30.Rd1 Bc6 31.Bb4 Re8 32.h4 Bf4+ 33.Kh3 Rg3+ 34.Kh2 Rg2+ 35.Kh1
Rd2+ {#R} 0-1

[Event "70th ch-ARG w 2017"]
[Site "Buenos Aires ARG"]
[Date "2017.06.17"]
[Round "6.2"]
[White "Flores,N"]
[Black "Martinez,Ay"]
[Result "0-1"]
[WhiteElo "2056"]
[BlackElo "2252"]

1.c4 Nf6 2.Nc3 g6 3.e4 d6 4.h3 Bg7 5.g3 c5 6.Bg2 Nc6 7.Nge2 O-O 8.O-O Bd7 9.d3
a6 10.Rb1 b5 11.cxb5 axb5 12.Nxb5 Rxa2 13.Na3 Ne8 14.Nc3 Rxa3 15.bxa3 Bxc3
16.Qb3 Nd4 17.Qd1 Nf6 18.Bd2 Bxd2 19.Qxd2 Bxh3 20.f3 Bd7 21.Kf2 Qa8 22.Rh1
Qxa3 23.g4 Qa4 24.Rb2 Ne6 25.Kg3 g5 26.Bf1 Qd4 27.Be2 Ra8 28.Bd1 Qe5+ 29.Kf2
Nf4 30.Rb3 Qd4+ 31.Ke1 Be6 32.Rc3 Ra1 33.Rf1 Nd7 34.Rh1 Ne5 {#R} 0-1

[Event "ch-POR Blitz 2017"]
[Site "Almada POR"]
[Date "2017.06.10"]
[Round "3.3"]
[White "Rocha,S"]
[Black "Pereira,Fe1"]
[Result "1-0"]
[WhiteElo "2383"]
[BlackElo "2067"]

1.d4 Nf6 2.Nf3 e6 3.Bg5 d5 4.e3 Be7 5.Nbd2 O-O 6.Bd3 b6 7.Qe2 Bb7 8.O-O h6
9.Bh4 Nbd7 10.c3 Ne4 11.Bg3 Nxg3 12.fxg3 f5 13.Rac1 c5 14.Rf2 Bd6 15.Bb1 Nf6
16.Nh4 Ne4 17.Nxe4 fxe4 18.Rcf1 Qg5 19.a3 Rxf2 20.Rxf2 Rf8 21.Bc2 Bc8 22.Ba4
Rxf2 23.Qxf2 e5 24.dxe5 Bxe5 25.Bc6 Be6 26.Be8 d4 27.Ng6 Bf6 28.Nf4 Bf7 29.Bc6
Qe5 30.h4 dxc3 31.bxc3 Qxc3 32.Bxe4 Qxa3 33.Kh2 Qc3 34.Qf3 Qe5 35.Bc2 b5
36.Qa8+ Qe8 37.Qxa7 b4 38.Qb7 Qe7 39.Qc8+ Qd8 40.Qxc5 b3 41.Bb1 Bxh4 42.gxh4
Qxh4+ 43.Nh3 Qd8 44.Qf5 Qd6+ 45.Nf4 g5 46.Kg3 gxf4+ 47.exf4 Qg6+ 48.Qxg6+ Bxg6
{#r} 1-0

[Event "ch-POR Blitz 2017"]
[Site "Almada POR"]
[Date "2017.06.10"]
[Round "3.4"]
[White "Ferreira,C1"]
[Black "Fernandes,Ant"]
[Result "0-1"]
[WhiteElo "2024"]
[BlackElo "2468"]

1.f4 d5 2.Nf3 Nf6 3.e3 g6 4.d4 Bg7 5.Bd3 O-O 6.O-O c5 7.c3 Bg4 8.Nbd2 Nc6
9.Qe1 Bxf3 10.Nxf3 Qc7 11.Ne5 Nd7 12.b3 Ncxe5 13.fxe5 f6 14.exf6 Nxf6 15.Ba3
b6 16.Qg3 Qxg3 17.hxg3 Rac8 18.Rac1 Bh6 19.Rce1 Ng4 20.Rxf8+ Kxf8 21.Bc1 cxd4
22.exd4 Rxc3 23.Bxh6+ Nxh6 24.Be2 e6 25.Bf3 Kf7 26.Re2 Nf5 27.Rd2 Nxg3 28.Kf2
Nf5 29.g4 Nd6 {#R} 0-1

[Event "ch-POR Blitz 2017"]
[Site "Almada POR"]
[Date "2017.06.10"]
[Round "3.5"]
[White "Santos,Lui1"]
[Black "Paiva,Henrique M A Albergaria"]
[Result "1-0"]
[WhiteElo "2306"]
[BlackElo "2218"]

1.c4 e5 2.Nc3 Nc6 3.Nf3 Nf6 4.e4 d6 5.d4 Bg4 6.d5 Nd4 7.Be3 Nxf3+ 8.gxf3 Bh5
9.Bh3 Be7 10.Qa4+ Kf8 11.f4 exf4 12.Bxf4 Qe8 13.Qxe8+ Rxe8 14.Kd2 h6 15.Rhe1
Nh7 16.e5 dxe5 17.Bxe5 Ng5 18.Bg2 Rc8 19.Bxg7+ Kxg7 20.Rxe7 Rhe8 21.Rae1 Rxe7
22.Rxe7 Kf6 23.Re3 a6 24.f4 Nh7 25.Ne4+ Kg7 26.Ng3 Bg4 27.h3 Bd7 28.Re7 Rd8
29.Kc3 Nf8 30.f5 Kf6 31.Re2 Nh7 32.c5 Ng5 33.h4 Nh7 34.Bh3 Bb5 35.Nh5# 1-0

[Event "ch-POR Blitz 2017"]
[Site "Almada POR"]
[Date "2017.06.10"]
[Round "3.8"]
[White "Silva,Mi3"]
[Black "Martins,Andr"]
[Result "1-0"]
[WhiteElo "2213"]
[BlackElo "2053"]

1.c4 e5 2.Nc3 Nc6 3.g3 Bc5 4.e3 a6 5.a3 Ba7 6.b4 Nf6 7.Bg2 O-O 8.Nge2 d6 9.O-O
Bf5 10.d4 exd4 11.Nxd4 Bxd4 12.exd4 Re8 13.h3 Qd7 14.Kh2 Ne4 15.Nd5 Ne7 16.Ne3
Bg6 17.Bb2 f5 18.f4 Nc6 19.Qd3 Rab8 20.Rae1 b5 21.d5 Na7 22.Re2 c5 23.dxc6
Nxc6 24.cxb5 axb5 25.Rfe1 Nf6 26.Bxf6 gxf6 27.Qd5+ Bf7 28.Qxc6 Qa7 29.Bd5 Qxa3
30.Bxf7+ Kxf7 31.Nxf5 Rxe2+ 32.Rxe2 Qxb4 33.Qc7+ {#r} 1-0

[Event "ch-POR Blitz 2017"]
[Site "Almada POR"]
[Date "2017.06.10"]
[Round "4.1"]
[White "Pereira,Rub"]
[Black "Ulyanovskyy,Vi"]
[Result "0-1"]
[WhiteElo "2416"]
[BlackElo "2216"]

1.e4 Nf6 2.Nc3 e5 3.g3 g6 4.Bg2 Bg7 5.Nf3 d6 6.O-O O-O 7.d3 Nc6 8.h3 h6 9.Kh2
Be6 10.Nh4 d5 11.Bd2 Nd4 12.Ne2 dxe4 13.dxe4 Bc4 14.Re1 Nxe2 15.Rxe2 Bxe2
16.Qxe2 c6 17.Bc3 Qe7 18.Nf3 Nd7 19.Nd2 b5 20.b3 Rad8 21.a4 a6 22.h4 Qc5
23.Qf3 h5 24.Ba5 Ra8 25.c3 Nf6 26.Bb4 Ng4+ 27.Qxg4 Qxb4 28.Qf3 Qd6 29.Nf1 Bh6
30.Rd1 Qe7 31.Ne3 Bxe3 32.Qxe3 Rfd8 33.Rxd8+ Rxd8 34.Qb6 bxa4 35.bxa4 Rd2
36.a5 Qf6 37.Kg1 Rd1+ 38.Kh2 Qd6 39.Qxa6 Qc5 40.Qe2 Ra1 41.a6 Qxc3 42.Bf1 Qd4
43.Kg2 Kg7 44.Qc2 Qd1 45.Qc4 Qc1 46.Qd3 c5 47.Be2 Qh1# 0-1

[Event "ch-POR Blitz 2017"]
[Site "Almada POR"]
[Date "2017.06.10"]
[Round "4.3"]
[White "Fernandes,Ant"]
[Black "Reis,Luis So"]
[Result "0-1"]
[WhiteElo "2468"]
[BlackElo "2198"]

1.d4 d5 2.Nf3 Nc6 3.Bf4 Bg4 4.e3 e6 5.h3 Bh5 6.c4 Bd6 7.cxd5 exd5 8.Bxd6 Qxd6
9.Nc3 Nf6 10.Be2 O-O 11.O-O Rfe8 12.Rc1 Ne4 13.Nxe4 dxe4 14.Nd2 Bxe2 15.Qxe2
Nb4 16.a3 Nd3 17.Rc2 f5 18.f3 Qe7 19.fxe4 fxe4 20.Qg4 c6 21.Nc4 Rad8 22.Nd2
Rd6 23.Qg3 Rg6 24.Qh2 Qg5 25.Nc4 b5 26.Nd6 Qxe3+ {#R} 0-1

[Event "ch-POR Blitz 2017"]
[Site "Almada POR"]
[Date "2017.06.10"]
[Round "4.4"]
[White "Andrade,B"]
[Black "Santos,Lui1"]
[Result "1-0"]
[WhiteElo "2022"]
[BlackElo "2306"]

1.e4 c5 2.Nf3 Nc6 3.Nc3 d6 4.d4 cxd4 5.Nxd4 Nf6 6.h3 g6 7.Be3 Bg7 8.g3 O-O
9.Bg2 Bd7 10.O-O Nxd4 11.Bxd4 Bc6 12.Qe2 Nd7 13.Bxg7 Kxg7 14.Rad1 Qb6 15.Nd5
Bxd5 16.exd5 Rfe8 17.b3 a5 18.Kh1 a4 19.f4 axb3 20.cxb3 Rac8 21.Rc1 Rxc1
22.Rxc1 Nf6 23.Qc4 Qf2 24.Kh2 Qxa2 25.Rc2 Qa1 26.Qc7 Qb1 27.Qc3 Ra8 28.g4 Qa1
29.Qxa1 Rxa1 30.Rc7 b6 31.Rb7 Rd1 32.Rxb6 Nxd5 33.Rb7 e6 34.b4 Ne3 35.Bf3 Rd2+
{#r} 1-0

[Event "ch-POR Blitz 2017"]
[Site "Almada POR"]
[Date "2017.06.10"]
[Round "5.1"]
[White "Silva,Luis"]
[Black "Ulyanovskyy,Vi"]
[Result "1-0"]
[WhiteElo "2317"]
[BlackElo "2216"]

1.d4 c5 2.e4 cxd4 3.Nf3 Nc6 4.Nxd4 Nf6 5.Nc3 d6 6.Bg5 a6 7.Qd2 Qb6 8.Nb3 Be6
9.O-O-O Rc8 10.f4 Nb4 11.Kb1 Nd7 12.a3 Nxc2 13.Nd4 Nxd4 14.Qxd4 Qxd4 15.Rxd4
g6 16.Rb4 Nc5 17.Be2 Bg7 18.g4 h6 19.Bh4 f5 20.gxf5 gxf5 21.Rg1 Bxc3 22.bxc3
Nxe4 23.Bh5+ Bf7 24.Bxf7+ Kxf7 25.Rxb7 Nxc3+ 26.Ka1 Nd5 {#r} 1-0

[Event "ch-POR Blitz 2017"]
[Site "Almada POR"]
[Date "2017.06.10"]
[Round "5.3"]
[White "Pires,E"]
[Black "Andrade,B"]
[Result "0-1"]
[WhiteElo "2054"]
[BlackElo "2022"]

1.e4 c6 2.Bc4 d5 3.Bb3 dxe4 4.Qh5 e6 5.f3 Nf6 6.Qh4 exf3 7.Nxf3 Be7 8.d4 c5
9.O-O cxd4 10.Nxd4 Qb6 11.Kh1 Nc6 12.Be3 Nd5 13.Qf2 Nxe3 14.Qxf7+ Kd8 15.Nxc6+
Qxc6 16.Rf2 Rf8 17.Rd2+ Bd7 18.Qxf8+ Bxf8 19.Nc3 a6 20.Re1 Bc5 21.Rde2 Nd5
22.Ne4 Be7 23.c4 Nf4 24.Rd2 Bb4 25.Nc3 Bxc3 26.bxc3 Kc7 27.c5 Rd8 28.Red1 Bc8
29.h3 Rxd2 30.Rxd2 Nxh3 31.Kh2 Nf4 32.Bd1 Qxc5 33.Bf3 Qxc3 34.Rd1 Qe5 35.Rc1+
Kb8 36.g3 Nd3 37.Rc2 Ne1 {#R} 0-1

[Event "ch-POR Blitz 2017"]
[Site "Almada POR"]
[Date "2017.06.10"]
[Round "5.4"]
[White "Pacheco,Joa"]
[Black "Pereira,Ant2"]
[Result "1-0"]
[WhiteElo "2126"]
[BlackElo "2139"]

1.d4 e6 2.Nf3 Nf6 3.c4 d5 4.Nc3 Be7 5.Bg5 h6 6.Bh4 O-O 7.e3 Ne4 8.Bxe7 Qxe7
9.Rc1 c6 10.Bd3 Nxc3 11.Rxc3 dxc4 12.Bxc4 Nd7 13.O-O b6 14.Qe2 Bb7 15.Ba6 Bxa6
16.Qxa6 c5 17.Rfc1 cxd4 18.exd4 Qd6 19.Rc7 Nc5 20.R1xc5 e5 21.Rc1 exd4 22.Qd3
Rfd8 23.h3 Qb4 24.b3 Qd6 25.R7c4 Qa3 26.R1c2 a5 27.Ra4 Qe7 28.Rxd4 Rxd4
29.Nxd4 Rd8 30.Qe3 Qd7 31.Rd2 Qc7 32.Nf3 Qc1+ 33.Kh2 Qc7+ 34.g3 Rc8 35.Qd3 Qc5
36.Qd4 Qf5 37.Ne5 Re8 38.Nc4 b5 39.Nd6 {#r} 1-0

[Event "ch-POR Blitz 2017"]
[Site "Almada POR"]
[Date "2017.06.10"]
[Round "5.5"]
[White "Damaso,R"]
[Black "Ulyanovskyy,Vl UKR"]
[Result "1-0"]
[WhiteElo "2434"]
[BlackElo "2105"]

1.d4 Nf6 2.Bg5 d5 3.e3 e6 4.Bd3 Be7 5.Nd2 b6 6.f4 c5 7.c3 O-O 8.Nh3 Ba6 9.Bxa6
Nxa6 10.O-O b5 11.f5 exf5 12.Rxf5 b4 13.Qf3 bxc3 14.bxc3 Nc7 15.Nf4 Ne4
16.Nxe4 dxe4 17.Qg4 Bxg5 18.Rxg5 g6 19.Rxc5 f5 20.Qg3 Qd6 21.Rb1 Rab8 22.Rxb8
Rxb8 23.h4 Ne6 24.Re5 Nf8 25.h5 Rb6 26.c4 Qd7 27.c5 Rf6 28.d5 Qb5 29.d6 Qb2
30.Nd5 Qc1+ 31.Kh2 Rf7 32.Ne7+ Kg7 33.Nxf5+ Kh8 34.Nd4 Rf1 35.Kh3 Qd1 36.Kh4
Rh1+ 37.Kg5 Rxh5+ 38.Kf4 Qf1+ 39.Kxe4 Qb1+ {#r} 1-0

[Event "ch-POR Blitz 2017"]
[Site "Almada POR"]
[Date "2017.06.10"]
[Round "5.7"]
[White "Oliveira,Marc"]
[Black "Pereira,Rub"]
[Result "0-1"]
[WhiteElo "2008"]
[BlackElo "2416"]

1.Nf3 Nf6 2.d4 e6 3.Bg5 Be7 4.c4 b6 5.Nc3 Bb7 6.e3 O-O 7.Bd3 d6 8.Bc2 Nbd7
9.O-O Re8 10.Re1 Bf8 11.e4 e5 12.b4 g6 13.a4 a5 14.bxa5 Rxa5 15.d5 Bg7 16.Nb5
Nc5 17.Bd2 Ra6 18.a5 c6 19.dxc6 Bxc6 20.Bb4 bxa5 21.Bxc5 dxc5 22.Nc3 Qa8
23.Nd5 Nxd5 24.exd5 Bd7 25.Nd2 f5 26.Nb3 Bf8 27.Qd2 a4 28.Nc1 e4 29.Na2 Bg7
30.Rab1 Bd4 31.Re2 Qd8 32.Nc3 Qf6 33.Nd1 a3 34.Bb3 Rb8 35.Ba2 Rxb1 36.Bxb1 Rb6
37.Ba2 Ba4 38.Ne3 Rb2 39.Qe1 Bc3 40.Qf1 f4 41.Nd1 Bxd1 42.Qxd1 Qd4 43.Qxd4
cxd4 44.f3 Rxe2 45.d6 e3 46.h3 Rxa2 47.c5 e2 {#R} 0-1

[Event "ch-POR Blitz 2017"]
[Site "Almada POR"]
[Date "2017.06.10"]
[Round "6.2"]
[White "Dias,P"]
[Black "Pacheco,Joa"]
[Result "1-0"]
[WhiteElo "2320"]
[BlackElo "2126"]

1.d4 Nf6 2.c4 c6 3.Nc3 d6 4.g3 e5 5.Nf3 Qc7 6.Bg2 Be7 7.O-O O-O 8.e4 Bg4 9.Be3
Nbd7 10.h3 Bxf3 11.Bxf3 a5 12.d5 Rac8 13.Kg2 Rfd8 14.Rc1 cxd5 15.cxd5 Nc5
16.Qe2 b6 17.Rc2 Qb7 18.Rfc1 g6 19.h4 Rb8 20.Nb5 Rdc8 21.Bg5 Kg7 22.Qe3 Qd7
23.Nc3 b5 24.b3 b4 25.Nb1 Ne8 26.Bxe7 Qxe7 27.Nd2 Nf6 28.Nc4 Qc7 29.Nxe5 {#r}
1-0